Central Library OPAC University of Rajshahi

Studies in dreams / (Record no. 30182)

MARC details
000 -LEADER
fixed length control field 00676nam a22002172a 4500
001 - CONTROL NUMBER
control field 30182
003 - CONTROL NUMBER IDENTIFIER
rucl marc code BD-RjUL
005 - DATE AND TIME OF LATEST TRANSACTION
control field 20211209051526.0
008 - FIXED-LENGTH DATA ELEMENTS--GENERAL INFORMATION
fixed length control field 140409s1921 enk 000 0 eng d
035 ## - SYSTEM CONTROL NUMBER
System control number OCLC ocm06135489 from D950722M
-- (BD-RjUL)30267
040 ## - CATALOGING SOURCE
Original cataloging agency VSC
Transcribing agency VSC
Modifying agency EQO
-- BD-RjUL
Language of cataloging eng
041 ## - LANGUAGE CODE
Language code of text/sound track or separate title eng
082 ## - DEWEY DECIMAL CLASSIFICATION NUMBER
Classification number 135
Author mark and year ARS 1921
090 ## - LOCALLY ASSIGNED LC-TYPE CALL NUMBER (OCLC); LOCAL CALL NUMBER (OCLC)
Classification number (OCLC) (R) ; Classification number, CALL (RLIN) (NR) BF1078
Local cutter number (OCLC) ; Book number/undivided call number, CALL (RLIN) .A7 1921
100 1# - MAIN ENTRY--PERSONAL NAME
Personal name Arnold-Forster, Mary Lucy
Fuller form of name (Story-Maskelyne),
Dates associated with a name 1861-
9 (RLIN) 91768
245 10 - TITLE STATEMENT
Title Studies in dreams /
Statement of responsibility, etc. by Mary Arnold-Forster; with a foreword by Morton Prince
260 ## - PUBLICATION, DISTRIBUTION, ETC. (IMPRINT)
Place of publication, distribution, etc. London :
Name of publisher, distributor, etc. Allen and Unwin,
Date of publication, distribution, etc. 1921.
300 ## - PHYSICAL DESCRIPTION
Pagination xxxv, 178 p. ;
Size 20cm
650 #0 - SUBJECT ADDED ENTRY--TOPICAL TERM
Topical term or geographic name as entry element Dreams
9 (RLIN) 91769
942 ## - ADDED ENTRY ELEMENTS (KOHA)
Source of classification or shelving scheme Dewey Decimal Classification
Koha item type Books
Holdings
Lost status Source of classification or shelving scheme Damaged status Not for loan Permanent Location Current Location Date acquired Total Checkouts Full call number Date last seen Copy number Koha item type
  Dewey Decimal Classification     Central Library, University of Rajshahi Central Library, University of Rajshahi 09/04/2014   135 ARS 1921 09/04/2014 C-1 Books